000 00627nam a2200169Ia 4500
008 090711s9999 xx 000 0 und d
082 _b51974
100 _aरानडे गो. मो.
245 _aतुळशी मंजिऱ्या
260 _bमहाराष्ट्र राज्य साहित्य आणि संस्कृती मंडळ
_c1984
300 _a141
600 _aरानडे गो. मो.
630 _aतुळशी मंजिऱ्या
700 _aरानडे गो. मो.
730 _aतुळशी मंजिऱ्या
942 _cBOOK
999 _c331531
_d331531